[Event "Maribor Pirc Memorial U16 23rd"]
[Site "Maribor"]
[Date "2020.08.13"]
[Round "4"]
[White "Drevensek, Doroteja"]
[Black "Javornik, Lina"]
[Result "1-0"]
[WhiteElo "1390"]
[BlackElo "1330"]
[PlyCount "77"]
[EventDate "2020.08.12"]
[EventType "tourn"]
[EventRounds "9"]
[EventCountry "SLO"]
[SourceTitle "EXT 2021"]
[Source "ChessBase"]
[SourceDate "2020.10.23"]
[SourceVersion "1"]
[SourceVersionDate "2020.10.23"]
[SourceQuality "1"]

1. e4 e5 2. Nf3 Nc6 3. Nc3 Bc5 4. Nxe5 Nxe5 5. d4 Bd6 6. dxe5 Bxe5 7. Bd2 Nf6 8. Bd3 c6 9. 0-0 Qb6 10. Rb1 0-0 11. h3 d5 12. exd5 Nxd5 13. Nxd5 cxd5 14. Qh5 f5 15. Qf3 Be6 16. Rfe1 Qd6 17. a3 b6 18. Bb4 Qc7 19. Bxf8 Rxf8 20. Qe3 Bh2+ 21. Kh1 Rf6 22. Qf3 Bf4 23. Rxe6 Rxe6 24. Qxd5 Qe5 25. Bc4 Kf7 26. Qxe6+ Qxe6 27. Bxe6+ Kxe6 28. Rd1 b5 29. g3 Be5 30. b3 Bd6 31. a4 b4 32. Kg2 g5 33. h4 g4 34. f3 h5 35. Rd3 Be5 36. Rd8 a5 37. Ra8 Bc7 38. Rh8 Kf7 39. Rh7+ 1-0